| 000 | 00561pam a2200217 a 4500 | ||
|---|---|---|---|
| 001 | 3805701 | ||
| 005 | 20180227034430.0 | ||
| 008 | 850823s1987 paua b 001 0 eng | ||
| 010 | _a 85019910 | ||
| 020 | _a0812110137 | ||
| 040 |
_aDLC _cDLC _dDLC |
||
| 041 | _aeng | ||
| 080 | _a636.089 | ||
| 082 | 0 | 0 |
_a636.089 HAF _219 |
| 100 | _a7 | ||
| 101 | _aZOO | ||
| 245 | 0 | 0 |
_aReproduction in farm animals / _cedited by E.S.E. Hafez. |
| 504 | _aIncludes bibliographies and index. | ||
| 906 |
_a7 _bcbc _corignew _d1 _eocip _f19 _gy-gencatlg |
||
| 942 |
_2ddc _cBK |
||
| 999 |
_c43546 _d43546 |
||